Celebrities Behind the Camera Quiz Stats

 Plays Quiz Updated Aug 26, 2018

Score 0/20 Timer 05:00
1 Play Today
% Correct
Elvis Presley
96.2%
Tom Hanks
93.9%
Robin Williams
91.6%
Michael Jackson
90.3%
Taylor Swift
89.9%
David Bowie
84.4%
George Harrison
84.4%
Emma Watson
83.4%
Brad Pitt
80.8%
Lady Gaga
80.1%
% Correct
Johnny Depp
80%
Bruno Mars
76.1%
Jimi Hendrix
74.2%
Sean Connery
73.5%
Elizabeth Taylor
73.2%
Andy Warhol
66.4%
Adam Levine
66.1%
Meg Ryan
64.9%
Jake Gyllenhaal
62.6%
Viggo Mortensen
51.1%

You're not logged in!

Compare scores with friends on all Sporcle quizzes.
OR
Log In

Sporcle TV

Today on Sporcle TV


Watch our educational content, quiz creation guides, and fun videos on Sporcle TV.

Show Comments

Extras

Top Quizzes Today


Score Distribution

Your Account Isn't Verified!

In order to create a playlist on Sporcle, you need to verify the email address you used during registration. Go to your Sporcle Settings to finish the process.

Report this User

Report this user for behavior that violates our Community Guidelines.

Details: